000 00557nam a22001937a 4500
005 20220711113913.0
008 220711b ||||| |||| 00| 0 eng d
040 _cAloy
041 _aeng
082 _223
_a385.09
_bMINR
100 _aMinistry of Railwys
_948034
245 _aReport of the railway reforms committee Vol.I Parts I to XI
260 _aNew Delhi:
_bMinistry of Railways,
_c1982
300 _avi,701p.
_bHB
_c30x21cm.
650 _aRailway
_948031
650 _aReports
_948032
700 _aMINISTRY OF RAILWAYS
_948033
942 _2ddc
_cGF
999 _c223682
_d223682